000
00264nam a2200109Ia 4500
008
230907s9999||||xx |||||||||||||| ||und||
082
_a
621.402
_b
PEN
100
_a
Penoncello, S. G.
_9
115743
245
0
_a
Thermal energy systems :
300
_a
603 p.
942
_c
BK
999
_c
599258
_d
599258